| 000 | 01042cam a2200313 i 4500 | ||
|---|---|---|---|
| 001 | 41266 | ||
| 003 | Mx-PuUPA | ||
| 005 | 20260112090800.0 | ||
| 008 | 140415s2005 mx gr 000 f spa d | ||
| 020 | _a9709087495 | ||
| 040 |
_aMx-PuUPA _bspa _cMx-PuUPA _dMx-PuUPA _erda |
||
| 041 | 0 | _aspa | |
| 100 | 1 |
_aDe Amicis, Edmondo, _d1846-1908, _915965 _eautor |
|
| 245 | 1 | 3 |
_aCorazón, diario de un niño / _cEdmundo D' Amicis |
| 264 | 1 |
_aMéxico, D. F. : _bGrupo Editorial Éxodo, _c©2005 |
|
| 300 |
_a280 páginas ; _c22 cm |
||
| 336 |
_2rdacontent _atexto _btxt |
||
| 337 |
_2rdamedia _asin medio _bn |
||
| 338 |
_2rdacarrier _avolumen _bnc |
||
| 490 | 0 |
_aClásicos Universales Aldonsa ; _v5 |
|
| 600 | 1 | 4 |
_aD'Amicis, Edmundo, _d1846-1908 |
| 650 | 7 |
_2armarc _aNiños _x _vNovela |
|
| 650 | 7 |
_2armarc _aNiños en edad escolar _zItalia _vNovela |
|
| 650 | 7 |
_2armarc _aRelaciones maestro _xEstudiante _vNovela |
|
| 655 | 7 |
_2armarc _aNovela italiana |
|
| 942 |
_2ddc _cLI _h853 _iD27 |
||
| 999 |
_c41266 _d41266 |
||